[Event "Belgrade Spring IM-I 2021"]
[Site "Belgrade"]
[Date "2021.04.20"]
[Round "6.9"]
[White "Govedarica, Radovan"]
[Black "Savitha Shri B"]
[Result "0-1"]
[WhiteElo "2300"]
[BlackElo "2261"]
[Annotator "TA"]
[PlyCount "120"]
[EventDate "2021.04.16"]
[EventType "tourn"]
[EventCountry "SRB"]
[SourceTitle "playchess.com"]
[Source "ChessBase"]
[SourceQuality "1"]

{[%evp 13,120,8,13,7,32,17,26,30,37,31,31,-11,-11,-21,-18,-15,-23,-15,-15,-40,0,0,40,41,58,47,45,0,0,-8,-9,-8,-10,-8,-9,-22,-5,-25,0,-30,-23,-73,-66,-91,-77,-98,-103,-111,-114,-124,-86,-115,-101,-101,-106,-116,-83,-96,0,-97,0,-94,-44,-52,-47,-58,-52,-61,-61,-47,-53,-60,-73,-71,-60,-62,-41,-125,-131,-208,-109,-109,-116,-699,-699,-699,-699,-699,-635,-699,-699,-699,-699,-688,-674,-12803,-12798,-12804,-12797,-12797,-11712,-12790,-5591,-1152,-537,-5163,-4659,-4614,-952]} 1. d4 Nf6 2. Nc3 {[%cal Bb1c3,Bc3e4,Be4d2,Bd2b3][%mdl 32]} d5 3. Bg5 e6 4. e4 dxe4 5. Nxe4 Be7 6. Bxf6 Bxf6 7. c3 O-O 8. Bd3 {C13: French: Classical System: 4 Bg5 Be7, Alekhine-Chatard Attack.} Be7 9. Qc2 f5 {[#]} 10. Nd2 $146 {White has an edge.} ({Predecessor:} 10. Ng3 c5 11. Nf3 b6 12. O-O Bb7 13. Qe2 Bd5 14. Rfe1 Nc6 15. Bc4 Qd6 16. dxc5 Qxc5 17. Bxd5 Qxd5 18. Qxe6+ Qxe6 19. Rxe6 {1-0 (57) Lichtmannecker,H (1572)-Thurnbauer,A (1494) Ortenburg 2007}) 10... c5 11. Ngf3 Nc6 {[%cal Rc5d4]} 12. dxc5 Bxc5 13. Nb3 Bb6 14. O-O-O Qf6 15. Bc4 Kh8 16. Kb1 a5 17. Nbd4 Nxd4 (17... e5 $5 {[%cal Re5d4]} 18. Nxc6 bxc6 $11) 18. cxd4 a4 19. a3 Bd7 20. Qe2 (20. Rhe1 {is interesting.} Ba5 21. Re5 Bc7 22. Re2 Bc6 23. Bxe6 Be4 24. Rxe4 fxe4 25. Qxe4 b5 26. Rc1) 20... Bc6 21. Qxe6 Bxf3 22. gxf3 Bxd4 23. Qxf6 Bxf6 24. Rd5 Bh4 25. Rd2 Ra5 26. f4 Rc5 27. Bd5 {[#]} Bxf2 $1 28. Rd3 {[#]} (28. Bxb7 Be3) 28... Be3 $1 29. Bxb7 (29. Rxe3 Rxd5) 29... Bxf4 30. Rd4 Be5 31. Rb4 Rb8 32. h3 g6 33. Rd1 Rc7 34. Bd5 Rcc8 35. Bb7 Rc7 (35... Rc5 {seems wilder.} 36. Rd3 Rc7 37. Ba6 Rxb4 38. axb4 Kg7) 36. Bd5 Rcc8 (36... Rxb4 {feels hotter.} 37. axb4 Kg7 38. b5 Rc5 39. Bc6 g5) 37. Bb7 $1 {[%cal Rb7c8]} Rd8 (37... Rc5 {keeps more tension.} 38. Ba6 Kg7 39. Re1 Rxb4 40. axb4 Rd5) 38. Rxd8+ Rxd8 39. Rxa4 $15 {[%mdl 4096] Endgame KRB-KRB} Rd3 40. Rb4 Rxh3 41. a4 f4 {...f3 is the strong threat.} 42. Re4 {[#]} Rb3 $1 43. Bd5 Rxb2+ 44. Kc1 Bc3 45. Rc4 {[#]} (45. Rxf4 $15 Rd2 46. Rf8+ Kg7 47. Rf7+ Kh6 48. Bc4) 45... Rd2 $1 $17 46. Bf3 (46. Bc6 $17 Ba5 47. Rxf4) 46... Rd3 ({Black should play} 46... Ba5 $1 $19 47. Rxf4 Rf2) 47. Rxf4 Be5 48. Re4 {[%mdl 8192] White does not recover from this.} (48. Kc2 $17) 48... Rxf3 $19 {Black is clearly winning.} 49. Rxe5 {[#] KR-KR} h5 $1 {[%cal Rh5h4]} 50. a5 Kg7 51. Kb2 h4 52. a6 Rf7 53. Ra5 {Strongly threatening a7.} Ra7 54. Kc2 {[#]} h3 $1 {[%cal Rh3h2]} 55. Ra3 h2 56. Rh3 Rxa6 57. Kb3 Rc6 (57... g5 $142 58. Rxh2 Kg6) 58. Rxh2 Kf6 (58... g5 $142 59. Kb4 Kg6) 59. Kb2 Ke5 60. Kb1 Ke6 {Weighted Error Value: White=0.52/Black=0.26} (60... g5 $142 61. Ra2 g4) 0-1

[Event "Belgrade Spring IM-I 2021"]
[Site "Belgrade"]
[Date "2021.04.20"]
[Round "6.10"]
[White "Milanovic, Slavisa"]
[Black "Krasteva, Beloslava"]
[Result "1/2-1/2"]
[WhiteElo "2301"]
[BlackElo "2287"]
[Annotator "TA"]
[PlyCount "38"]
[EventDate "2021.04.16"]
[EventType "tourn"]
[EventCountry "SRB"]
[SourceTitle "playchess.com"]
[Source "ChessBase"]
[SourceQuality "1"]

{[%evp 13,15,0,34,15]} 1. d4 d5 2. c4 e6 3. Nc3 Be7 4. Nf3 Nf6 5. cxd5 exd5 6. Bf4 O-O 7. e3 c5 8. Be2 {[#] An uneventful encounter. was the old line (8.dxc5). D37: Queen's Gambit Declined: 5 Bf4.} {Predecessor:} Nc6 $146 9. dxc5 Bxc5 10. O-O Be6 11. Rc1 Rc8 12. Ne5 Bd6 13. Nxc6 bxc6 14. Qa4 c5 15. Bg3 Qb6 16. b3 Bxg3 17. hxg3 a5 18. Qb5 Qxb5 19. Bxb5 Rb8 {0-1 (72) Khismatullin,D (2660)-Zvjaginsev,V (2680) Magnitogorsk 2011} 1/2-1/2

[Event "Belgrade Spring IM-I 2021"]
[Site "Belgrade"]
[Date "2021.04.20"]
[Round "7.6"]
[White "Krasteva, Beloslava"]
[Black "Djokic, Nenad"]
[Result "1-0"]
[WhiteElo "2287"]
[BlackElo "2329"]
[Annotator "TA"]
[PlyCount "85"]
[EventDate "2021.04.16"]
[EventType "tourn"]
[EventCountry "SRB"]
[SourceTitle "playchess.com"]
[Source "ChessBase"]
[SourceQuality "1"]

{[%evp 14,85,41,29,59,60,48,38,41,32,93,80,74,81,86,80,78,70,62,50,83,56,70,74,77,58,108,97,102,100,114,106,125,103,165,158,174,134,133,91,103,64,65,73,62,81,118,81,154,148,160,100,302,303,295,261,258,267,253,252,264,254,333,326,494,489,588,559,743,759,860,818,1001,849]} 1. d4 {Krasenkow,M} Nf6 2. c4 e6 3. Nc3 Bb4 4. e3 b6 5. Nge2 c5 6. a3 Ba5 7. Rb1 Na6 8. Ng3 {[#] 8.g3 is the modern continuation.} cxd4 $146 {E42: Nimzo-Indian: Rubinstein: 4...c5 5 Ne2.} ({Predecessor:} 8... Bb7 9. f3 O-O 10. Bd3 d5 11. O-O cxd4 12. Nb5 dxc4 13. Bxc4 Rc8 14. Qe2 Bd5 15. Bxd5 Qxd5 16. e4 {1-0 (63) Tomashevsky,E (2728)-Caruana,F (2787) Wijk aan Zee 2016 CBM 171 [Krasenkow,M]}) 9. Qxd4 {Hoping for b4.} Bxc3+ 10. Qxc3 O-O {White is slightly better.} 11. e4 e5 ({Black should try} 11... Bb7 $14) 12. f3 d6 13. Be3 Be6 14. Qd2 Rc8 15. b3 Nc5 16. Be2 a5 17. a4 Qc7 18. O-O Ne8 19. Bd1 g6 20. Bh6 Ng7 21. Bc2 Rcd8 {[#]} 22. Nf5 $1 {[%mdl 512]} gxf5 23. exf5 f6 24. fxe6 $18 Ncxe6 25. Be4 Kh8 26. Be3 Nc5 27. Bd5 Nf5 28. Bf2 Ne7 29. Rfd1 Ng6 30. g3 Rd7 {[#]} (30... Ne7 $142) 31. b4 $1 $16 {[%cal Rb4c5]} axb4 32. Qxb4 (32. Rxb4 $142 {Threatens to win with Rdb1.} Ne7 33. Rdb1 (33. Qh6 Qd8 $16)) 32... Rdd8 $2 {This costs Black the game.} (32... Ne7 $16 {might work better.}) 33. Bxc5 $18 ({Not} 33. Qxb6 Qxb6 34. Rxb6 Nxa4 $16) 33... bxc5 34. Qb6 Qg7 35. Kh1 Ne7 36. Be4 f5 {[#]} 37. Bb7 Qg6 38. a5 {[%cal Ba4a5,Ba5a6,Ba6a7][%mdl 32]} e4 (38... Nc8 $142 39. Bxc8 Rxc8 40. Qxd6 Qxd6 41. Rxd6 Rcd8) 39. a6 {White is clearly winning.} exf3 40. Qb2+ Kg8 41. Re1 Rfe8 42. a7 f2 43. Qxf2 {[%mdl 64] Remove Defender.  Weighted Error Value: White=0.09/Black=0.36} 1-0

[Event "Belgrade Spring IM-I 2021"]
[Site "Belgrade"]
[Date "2021.04.20"]
[Round "7.7"]
[White "Savitha Shri B"]
[Black "Milanovic, Slavisa"]
[Result "1/2-1/2"]
[WhiteElo "2261"]
[BlackElo "2301"]
[Annotator "TA"]
[PlyCount "67"]
[EventDate "2021.04.16"]
[EventType "tourn"]
[EventCountry "SRB"]
[SourceTitle "playchess.com"]
[Source "ChessBase"]
[SourceQuality "1"]

{[%evp 20,67,8,0,18,0,0,-30,-35,-84,-76,-77,-78,-108,0,0,0,0,0,0,0,0,-2,-27,-20,-20,-20,-20,-22,-27,-22,-25,-17,-17,0,0,0,-7,25,0,0,-3,-6,-10,-6,-1,0,-6,0,0]} 1. e4 e6 2. Nf3 d5 3. exd5 exd5 4. d4 Nc6 5. Bb5 Bd6 6. c4 dxc4 7. d5 a6 8. Ba4 b5 9. dxc6 bxa4 10. O-O Ne7 11. Qxa4 Be6 {C01: French: Exchange Variation.} 12. Bg5 O-O 13. Nc3 f6 {[#] Black has an edge.} 14. Bd2 $146 ({Predecessor:} 14. Rfe1 Bf7 15. Bh4 Rb8 16. Rad1 Nf5 17. Qa5 Qc8 18. Rd2 Nxh4 19. Nxh4 Re8 20. Red1 {½-½ (58) Alcazar Jimenez,J (2177)-Bhat,V (2388) Oropesa del Mar 1999}) 14... Qe8 15. Nd4 {[#]} Qh5 $1 {[%csl Gd6][%cal Rh5h2]} 16. Nf3 (16. h3 Bf7) 16... Bg4 (16... Kh8 $17 {Threatens to win with ...Bg4.} 17. Ne4 Bd5 18. Nxd6 cxd6) 17. Qxc4+ $11 Rf7 (17... Kh8 $5 18. Bf4 $8 Bxf3 19. Bxd6 cxd6 20. gxf3 d5 $11) 18. Bf4 $1 {[%cal Rf4d6] aiming for Bxd6.} ({Don't blunder} 18. Ne4 $2 Bxf3 19. Nxd6 Bd5 $19) 18... Bxf3 19. Bxd6 cxd6 20. gxf3 Qxf3 21. Qe4 (21. c7 {looks sharper.} d5 22. Qc5 Qg4+ 23. Kh1 Rc8 24. Rad1) 21... Qxe4 22. Nxe4 Nxc6 23. Nxd6 Rd7 24. Nc4 {[#] Hoping for Nb6.} Rd4 25. Ne3 Ne5 26. Rfd1 Nd3 27. Rd2 Rad8 28. Rad1 a5 29. Nf5 R4d7 {The position is equal.} 30. Ne7+ Rxe7 31. Rxd3 Rxd3 32. Rxd3 Re2 33. Ra3 Rxb2 34. Rxa5 {Weighted Error Value: White=0.10/Black=0.09} 1/2-1/2

[Event "Belgrade Spring IM-I 2021"]
[Site "Belgrade"]
[Date "2021.04.20"]
[Round "7.8"]
[White "Jovanovic, Sasa T"]
[Black "Govedarica, Radovan"]
[Result "0-1"]
[WhiteElo "2155"]
[BlackElo "2300"]
[Annotator "TA"]
[PlyCount "92"]
[EventDate "2021.04.16"]
[EventType "tourn"]
[EventCountry "SRB"]
[SourceTitle "playchess.com"]
[Source "ChessBase"]
[SourceQuality "1"]

{[%evp 19,92,-13,21,-17,-8,-19,0,-14,0,-33,-22,-28,-35,-26,-23,-20,-16,-22,-22,-46,-46,-50,-46,-45,-45,-45,-52,-50,-49,-60,-40,-54,-28,-53,-49,-66,-70,-101,-96,-98,-81,-133,-128,-133,-107,-127,-142,-154,-133,-266,0,-158,-152,-161,-164,-410,-385,-531,-516,-550,-495,-503,-412,-387,-356,-512,-514,-502,-499,-470,-481,-579,-443,-437,-410]} 1. d4 Nf6 2. c4 e6 3. Nc3 Bb4 4. e3 O-O 5. Bd3 c5 6. Nge2 d5 7. O-O dxc4 8. Bxc4 Nbd7 {[%cal Bb8d7,Bd7b6,Bb6d5,Bd5c3][%mdl 32]} 9. a3 cxd4 10. exd4 Be7 11. Qd3 {E48: Nimzo-Indian: Rubinstein: 5 Bd3 d5 including 6 Ne2, but excluding 6 a3.} Nb6 12. Ba2 Bd7 13. Rd1 {The position is equal.} Bc6 14. Qh3 Nbd5 15. Bg5 {[#]} Re8 $146 ({Predecessor:} 15... Rc8 16. Rd3 Re8 17. Rad1 Nxc3 18. Nxc3 Nd5 19. Bxe7 Rxe7 20. Rg3 Nxc3 21. bxc3 Bd5 {1-0 (48) Harmon,C-Taylor,G Seattle 1983}) 16. Rac1 Nxc3 17. Nxc3 Nd5 18. Bxe7 Rxe7 19. Bb1 Nf6 20. Rd3 Rd7 21. Rcd1 h6 22. Qe3 Qb6 23. R3d2 Rad8 24. h3 a5 25. Qf4 Qa7 26. Qe3 b5 27. b4 Kf8 28. Qe5 axb4 29. axb4 Nd5 30. Ne4 (30. Nxd5 $142 Bxd5 31. Qe3) 30... Nxb4 $17 31. Nc5 Rd5 32. Qf4 {[#] Hoping for Nxe6+.} R5d6 33. Qe5 Bd5 34. Qe2 (34. Qe3 $17 {was worth a try.}) 34... Bc6 $2 ({Black should try} 34... Bc4 $19 35. Qe4 Nc6) 35. Be4 $2 (35. Qe5 $11) 35... Bxe4 36. Qxe4 {White wants to play Nb7.} Nc6 $36 {[%mdl 2048] Keeping White busy.} 37. Qh7 $2 (37. Nb3) 37... Rxd4 $19 38. Rxd4 Nxd4 39. Nd3 {Now Qh8+ and White clings on.} Nf5 40. g4 Ne7 41. Qe4 Qa4 42. Qe1 (42. Qf3 $142) 42... Qc2 {Black is clearly winning.} 43. Nb2 {[%cal Rd1d8] [#]} Rxd1 44. Nxd1 Qc1 45. Kh2 Nd5 46. Qa5 {[%cal Ra5d8]} Qc7+ {Weighted Error Value: White=0.39/Black=0.20} 0-1

[Event "Belgrade Spring IM-I 2021"]
[Site "Belgrade"]
[Date "2021.04.20"]
[Round "7.9"]
[White "Ivanovic, Marko"]
[Black "Hart, Alexander"]
[Result "1-0"]
[WhiteElo "2282"]
[BlackElo "2016"]
[Annotator "TA"]
[PlyCount "133"]
[EventDate "2021.04.16"]
[EventType "tourn"]
[EventCountry "SRB"]
[SourceTitle "playchess.com"]
[Source "ChessBase"]
[SourceQuality "1"]

{[%evp 16,132,13,19,38,36,145,7,8,0,0,0,8,0,0,0,0,-36,-21,-95,33,33,29,31,39,6,7,6,30,-7,4,8,21,0,0,-19,0,-43,-43,-42,3,2,13,-156,33,35,33,35,31,35,49,40,54,0,0,0,34,28,42,25,117,120,101,85,84,76,117,113,218,47,252,225,336,342,296,306,384,366,297,124,342,325,335,321,351,0,344,339,340,310,1685,1493,29951,29948,4614,800,12795,445,910,458,626,525,29988,29989,29989,29990,29990,29983,29980,29981,29988,29989,29996,29997,29997,29998,29998,29999,29999]} 1. e4 e5 2. Nf3 Nc6 3. Bb5 g6 4. d4 exd4 5. Bg5 Be7 6. Bxe7 Qxe7 7. Bxc6 dxc6 8. Qxd4 Nf6 9. Nc3 c5 {C60: Ruy Lopez: Unusual Black 3rd moves and 3...g6.} 10. Qe3 Bg4 (10... Bd7 $14) 11. Nd2 (11. e5 $1 $16) 11... O-O-O $11 {The position is equal.} 12. h3 Bd7 13. O-O-O Bc6 14. f3 Nd5 15. Nxd5 Rxd5 {[#]} 16. Qa3 $146 ({Predecessor:} 16. Qc3 Rdd8 17. Nc4 Qg5+ 18. Ne3 b6 19. b3 Kb7 20. Kb2 h5 21. h4 Qf4 22. Nc4 {1-0 (41) Kosteniuk,A (2471)-Vaishali,R (2393) chess.com INT 2020}) 16... Rd4 17. Nb3 (17. Qxa7 $2 Ra4 $19) (17. Qe3 $11) 17... Ra4 (17... Qg5+ $17 18. Kb1 Rxd1+ 19. Rxd1 Qxg2 20. Nxc5 (20. Qxa7 b6 $17) 20... Rd8 21. Rxd8+ Kxd8 22. Qd3+ Kc8) 18. Qxc5 $14 Qxc5 19. Nxc5 Rxa2 20. Kb1 Ra5 21. Nd3 Rd8 22. b4 Ra6 23. Kb2 Be8 24. e5 Re6 25. f4 b6 26. g4 Bb5 27. Rhe1 f5 28. Nf2 Rf8 29. Rd5 $2 (29. g5 $11) 29... c6 $2 (29... fxg4 $1 $17 30. Rd4 (30. Rxb5 $2 c6 $19) (30. Nxg4 $2 Rxf4 31. c3 h5 $19) 30... g3) 30. Rd4 c5 31. bxc5 bxc5 32. Rd5 $36 {[%mdl 2048] White has good play.} fxg4 33. Rxc5+ Bc6 34. Nd3 (34. hxg4 $14 Rxf4 35. Nd3) 34... gxh3 $11 {Strongly threatening ...Kb8.} 35. Rh1 Kb7 36. Rxh3 Rf7 37. Rc4 {Nc5+ is the strong threat.} Ree7 (37... Bb5 $11 38. Rb4 Rb6) 38. Nc5+ $16 Ka8 39. Rd3 {[%cal Rd3d8]} (39. Rb3 {is interesting.} Rf8 40. Na6 Bb7 41. Nc7+ Kb8 42. Nd5) 39... Rf8 {White should prevent ...Bb5.} 40. Rd6 Bb7 41. Kc3 Rc8 (41... Bc8 $16 {is a better defense.}) 42. Nd7 $2 (42. Nxb7 $18 Kxb7 43. Rf6) 42... Rxc4+ ({Black should try} 42... h5 $1 $14) 43. Kxc4 $14 {[%mdl 4096] Endgame KRB-KRN} Bc8 (43... a5 {was called for.} 44. e6 a4) 44. Nc5 $1 $18 Kb8 45. Kd5 Kc7 46. Rc6+ Kd8 47. Kd6 (47. c4 $18 {has better winning chances.}) 47... Bg4 $2 (47... Bf5 $16 48. e6 Bxc2) 48. e6 h5 49. Ke5 h4 {[#] Threatening ...h3.} 50. Rd6+ $2 ({Only move:} 50. Kf6 $1 $18) 50... Ke8 $2 {[%mdl 8192] [#]} (50... Kc7 $11 {and Black is okay.}) 51. Kf6 $1 h3 {White must now prevent ...h2.} 52. Rd2 Bf5 $2 (52... Rc7 53. Ne4 Bxe6 54. Kxe6 Re7+ 55. Kd5 Rd7+ 56. Nd6+ Kd8) 53. c4 Rc7 {[#]} 54. Rb2 $1 Bxe6 55. Kxe6 {KRN-KR} (55. Nxe6 $142 Rf7+ 56. Kxg6) 55... Re7+ 56. Kd6 (56. Kf6 $142 {[%cal Rb2b8]} Rf7+ 57. Kxg6 Rxf4 58. Re2+ Kd8 59. Ne6+ {[%mdl 64] Double Attack} Kd7 60. Nxf4) 56... Re3 (56... Kf7 $142 57. Nd3 Re6+ 58. Kd5 Kf6) 57. Ne6 {White wants to mate with Rb8+.} Rd3+ 58. Ke5 {And now Kf6 would win.} Kf7 {intending ...Re3+.} 59. Rb7+ {White mates.} Kg8 60. Kf6 Rd6 61. Rxa7 h2 62. Ra1 g5 63. fxg5 Rd1 64. Rxd1 h1=Q 65. Rd8+ Kh7 66. g6+ Kh6 67. Rh8# {[%mdl 64] Skewer.  Weighted Error Value: White=0.56/Black=0.83} 1-0

[Event "Belgrade Spring IM-I 2021"]
[Site "Belgrade"]
[Date "2021.04.20"]
[Round "7.10"]
[White "Blagojevic, Tijana"]
[Black "Zegarac, Vuk"]
[Result "1/2-1/2"]
[WhiteElo "2193"]
[BlackElo "2376"]
[Annotator "NA"]
[PlyCount "58"]
[EventDate "2021.04.16"]
[EventType "tourn"]
[EventCountry "SRB"]
[SourceTitle "playchess.com"]
[Source "ChessBase"]
[SourceQuality "1"]
[TimeControl "40/5400+30:1800+30"]

1. e4 {[%emt 0:00:00]} c6 {[%emt 0:00:02]} 2. d4 {[%emt 0:00:00]} d5 {[%emt 0:00:06]} 3. e5 {[%emt 0:00:00]} c5 {[%emt 0:00:05]} 4. dxc5 {[%emt 0:00:00]} e6 {[%emt 0:00:05]} 5. Nf3 {[%emt 0:00:00]} Bxc5 {[%emt 0:00:06]} 6. Bd3 {[%emt 0:00:00]} Ne7 {[%emt 0:00:05]} 7. O-O {[%emt 0:00:07]} Ng6 {[%emt 0:00:20]} 8. a3 {[%emt 0:00:40]} Be7 {[%emt 0:00:06]} 9. b4 {[%emt 0:03:42]} a5 {[%emt 0:00:07]} 10. b5 {[%emt 0:05:12]} Nd7 {[%emt 0:00:17]} 11. Re1 {[%emt 0:00:49]} Nc5 {[%emt 0:00:23]} 12. c4 {[%emt 0:02:54]} a4 {[%emt 0:08:18]} 13. Nc3 {[%emt 0:04:05]} Nb3 {[%emt 0:04:41]} 14. Ra2 {[%emt 0:00:23]} Nxc1 {[%emt 0:02:10]} 15. Qxc1 {[%emt 0:00:22]} dxc4 {[%emt 0:04:10]} 16. Bxc4 {[%emt 0:01:25]} O-O {[%emt 0:00:08]} 17. Ne4 {[%emt 0:05:39]} b6 {[%emt 0:03:43]} 18. Rc2 {[%emt 0:10:04]} Bb7 {[%emt 0:02:14]} 19. g3 {[%emt 0:10:32]} Qb8 {[%emt 0:04:03]} 20. Qb2 {[%emt 0:00:53]} Bxe4 {[%emt 0:02:04]} 21. Rxe4 {[%emt 0:00:06]} Qb7 {[%emt 0:00:14]} 22. Bd3 {[%emt 0:06:59]} Rfd8 {[%emt 0:01:40]} 23. Re3 {[%emt 0:00:14]} Rac8 {[%emt 0:01:26]} 24. Be4 {[%emt 0:02:50]} Qb8 {[%emt 0:01:26]} 25. h4 {[%emt 0:02:16]} Rd1+ {[%emt 0:04:48]} 26. Kg2 {[%emt 0:02:06]} Bc5 {[%emt 0:00:10]} 27. Ree2 {[%emt 0:00:51]} Rcd8 {[%emt 0:00:30]} 28. h5 {[%emt 0:01:16]} Ne7 {[%emt 0:00:37]} 29. Rcd2 {[%emt 0:01:22]} R1xd2 {[%emt 0:00:13]} 1/2-1/2

[Event "Belgrade Spring IM-I 2021"]
[Site "Belgrade"]
[Date "2021.04.21"]
[Round "8.6"]
[White "Djokic, Nenad"]
[Black "Zegarac, Vuk"]
[Result "0-1"]
[WhiteElo "2329"]
[BlackElo "2376"]
[Annotator "ChessBase"]
[PlyCount "78"]
[EventDate "2021.04.16"]
[EventType "tourn"]
[EventCountry "SRB"]
[SourceTitle "playchess.com"]
[Source "ChessBase"]
[SourceQuality "1"]
[TimeControl "40/5400+30:1800+30"]

1. d4 {[%emt 0:00:00]} Nf6 {[%emt 0:00:00]} 2. Nf3 {[%emt 0:00:00]} e6 {[%emt 0:00:22]} 3. c4 {[%emt 0:00:05]} c5 {[%emt 0:00:05]} 4. d5 {[%emt 0:00:13]} b5 {[%emt 0:00:07]} 5. Bg5 {[%emt 0:00:53]} exd5 {[%emt 0:01:33]} 6. cxd5 {[%emt 0:00:12]} h6 {[%emt 0:01:06]} 7. Bxf6 {[%emt 0:03:44]} Qxf6 {[%emt 0:00:06]} 8. Qc2 {[%emt 0:08:28]} Be7 {[%emt 0:09:40]} 9. e4 {[%emt 0:01:08]} Qb6 {[%emt 0:00:14]} 10. Nc3 {[%emt 0:07:11]} a6 {[%emt 0:03:49]} 11. a4 {[%emt 0:01:27]} b4 {[%emt 0:00:51]} 12. a5 {[%emt 0:07:22]} Qb7 {[%emt 0:02:19]} 13. Na4 {[%emt 0:02:48]} d6 {[%emt 0:00:09]} 14. Nb6 {[%emt 0:00:25]} Ra7 {[%emt 0:00:09]} 15. Bd3 {[%emt 0:04:27]} O-O {[%emt 0:02:27]} 16. O-O {[%emt 0:00:15]} Nd7 {[%emt 0:07:24]} 17. Nc4 {[%emt 0:02:00]} Qb8 {[%emt 0:01:43]} 18. Rfe1 {[%emt 0:02:07]} Bf6 {[%emt 0:00:54]} 19. Re2 {[%emt 0:01:35]} Re8 {[%emt 0:03:16]} 20. Rae1 {[%emt 0:01:48]} Bb7 {[%emt 0:04:21]} 21. Qd1 {[%emt 0:02:56]} Ba8 {[%emt 0:02:37]} 22. Bc2 {[%emt 0:00:39]} Nf8 {[%emt 0:01:56]} 23. Ba4 {[%emt 0:03:06]} Rd8 {[%emt 0:00:51]} 24. Qd3 {[%emt 0:01:11]} Ng6 {[%emt 0:01:26]} 25. g3 {[%emt 0:00:22]} Re7 {[%emt 0:00:59]} 26. Nb6 {[%emt 0:10:17]} Bb7 {[%emt 0:02:12]} 27. Bb3 {[%emt 0:02:42]} Bc8 {[%emt 0:01:54]} 28. Nxc8 {[%emt 0:03:11]} Qxc8 {[%emt 0:01:59]} 29. Bc4 {[%emt 0:00:08]} Ra7 {[%emt 0:01:15]} 30. Kh1 {[%emt 0:01:15]} Re8 {[%emt 0:02:12]} 31. Qb3 {[%emt 0:01:20]} h5 {[%emt 0:04:58]} 32. h4 {[%emt 0:06:08]} Rae7 {[%emt 0:02:33]} 33. Re3 {[%emt 0:02:33]} Bd4 {[%emt 0:04:50]} 34. R3e2 {[%emt 0:00:20]} Qh3+ {[%emt 0:02:48]} 35. Nh2 {[%emt 0:00:02]} Ne5 {[%emt 0:00:27]} 36. Kg1 {[%emt 0:07:16]} Nxc4 {[%emt 0:00:43]} 37. Qxc4 {[%emt 0:00:02]} Qxg3+ {[%emt 0:00:10]} 38. Kh1 {[%emt 0:00:05]} Qxh4 {[%emt 0:01:29]} 39. Qxa6 {[%emt 0:01:23]} Be5 {[%emt 0:00:57]} 0-1

[Event "Belgrade Spring IM-I 2021"]
[Site "Belgrade"]
[Date "2021.04.21"]
[Round "8.7"]
[White "Hart, Alexander"]
[Black "Blagojevic, Tijana"]
[Result "0-1"]
[WhiteElo "2016"]
[BlackElo "2193"]
[Annotator "ChessBase"]
[PlyCount "92"]
[EventDate "2021.04.16"]
[EventType "tourn"]
[EventCountry "SRB"]
[SourceTitle "playchess.com"]
[Source "ChessBase"]
[SourceQuality "1"]
[TimeControl "40/5400+30:1800+30"]

1. d4 {[%emt 0:00:00]} d5 {[%emt 0:00:00]} 2. c4 {[%emt 0:00:00]} c6 {[%emt 0:00:00]} 3. cxd5 {[%emt 0:00:00]} cxd5 {[%emt 0:00:00]} 4. Nc3 {[%emt 0:00:00]} Nf6 {[%emt 0:00:01]} 5. Bf4 {[%emt 0:00:00]} Nc6 {[%emt 0:00:18]} 6. e3 {[%emt 0:00:10]} Bg4 {[%emt 0:00:23]} 7. f3 {[%emt 0:00:08]} Bd7 {[%emt 0:00:29]} 8. g4 {[%emt 0:00:23]} e6 {[%emt 0:00:41]} 9. Bd3 {[%emt 0:00:12]} Be7 {[%emt 0:01:15]} 10. Nge2 {[%emt 0:00:06]} Nb4 {[%emt 0:02:11]} 11. Bb1 {[%emt 0:01:04]} Rc8 {[%emt 0:00:09]} 12. a3 {[%emt 0:01:36]} Nc6 {[%emt 0:00:04]} 13. h4 {[%emt 0:04:11]} Na5 {[%emt 0:01:12]} 14. Bd3 {[%emt 0:05:41]} Nc4 {[%emt 0:01:45]} 15. Qc2 {[%emt 0:10:17]} Qb6 {[%emt 0:04:06]} 16. Ra2 {[%emt 0:06:23]} Bd6 {[%emt 0:05:39]} 17. Bxd6 {[%emt 0:13:06]} Qxd6 {[%emt 0:00:22]} 18. Bxc4 {[%emt 0:09:14]} Rxc4 {[%emt 0:01:17]} 19. g5 {[%emt 0:00:21]} Nh5 {[%emt 0:00:56]} 20. f4 {[%emt 0:00:43]} O-O {[%emt 0:01:38]} 21. b4 {[%emt 0:04:39]} Rfc8 {[%emt 0:00:53]} 22. Qd2 {[%emt 0:12:00]} Qc6 {[%emt 0:18:02]} 23. Rc2 {[%emt 0:14:18]} Qa6 {[%emt 0:00:33]} 24. Kf2 {[%emt 0:00:20]} g6 {[%emt 0:06:45]} 25. Ra2 {[%emt 0:03:06]} Qc6 {[%emt 0:02:02]} 26. Rc2 {[%emt 0:01:45]} Rc7 {[%emt 0:07:33]} 27. Rhc1 {[%emt 0:00:32]} Rc8 {[%emt 0:07:39]} 28. Rb2 {[%emt 0:02:07]} Ng7 {[%emt 0:00:55]} 29. Rbc2 {[%emt 0:01:15]} Nf5 {[%emt 0:00:11]} 30. Rb1 {[%emt 0:05:43]} Nd6 {[%emt 0:00:51]} 31. Rcc1 {[%emt 0:00:57]} Kf8 {[%emt 0:02:09]} 32. Kg1 {[%emt 0:02:04]} Ke7 {[%emt 0:00:37]} 33. a4 {[%emt 0:01:10]} Nf5 {[%emt 0:04:50]} 34. Kf2 {[%emt 0:01:35]} Nxh4 {[%emt 0:01:08]} 35. Nb5 {[%emt 0:00:24]} Qb6 {[%emt 0:01:35]} 36. Rxc4 {[%emt 0:01:01]} Rxc4 {[%emt 0:00:46]} 37. Na3 {[%emt 0:00:46]} Rc8 {[%emt 0:00:51]} 38. a5 {[%emt 0:00:31]} Qc6 {[%emt 0:03:09]} 39. Rc1 {[%emt 0:00:54]} Qa4 {[%emt 0:01:27]} 40. Rxc8 {[%emt 0:00:00]} Bxc8 {[%emt 0:00:00]} 41. Qc1 {[%emt 0:04:54]} Kd8 {[%emt 0:09:36]} 42. Qc3 {[%emt 0:14:08]} Nf5 {[%emt 0:02:04]} 43. b5 {[%emt 0:00:57]} Nd6 {[%emt 0:01:14]} 44. Qc1 {[%emt 0:07:10]} Qxa5 {[%emt 0:00:32]} 45. Qb2 {[%emt 0:00:37]} Bd7 {[%emt 0:01:23]} 46. Nc3 {[%emt 0:00:02]} Qxc3 {[%emt 0:00:29]} 0-1